| 000 | 00329nam a2200097Ia 4500 | ||
|---|---|---|---|
| 005 | 20250424112848.0 | ||
| 008 | 250424s9999 xx 000 0 und d | ||
| 300 | _a67 p. :ill. ; 28 cm. | ||
| 650 | _aUnderwater physiology--Congresses. Deep diving--Physiological aspects--Congresses. Underwater exploration--Congresses. | ||
| 942 | _cSR | ||
| 999 |
_c37563 _d37563 |
||